[Event "Morelia/Linares 24th"]
[Site "Morelia/Linares"]
[Date "2007.02.18"]
[Round "2"]
[White "Ivanchuk, Vassily"]
[Black "Topalov, Veselin"]
[Result "1-0"]
[WhiteElo "2750"]
[BlackElo "2783"]
[Annotator "Marin,M"]
[PlyCount "81"]
[EventDate "2007.02.17"]
[EventType "tourn"]
[EventRounds "14"]
[EventCountry "ESP"]
[EventCategory "20"]
[SourceTitle "CBM 117"]
[Source "ChessBase"]
[SourceDate "2007.03.30"]
[SourceVersion "1"]
[SourceVersionDate "2007.03.30"]
[SourceQuality "1"]

1. e4 c5 2. Nf3 d6 3. d4 cxd4 4. Nxd4 Nf6 5. Nc3 a6 6. Be3 e5 ({Although
Topalov has obtained outstanding results with} 6... e6 {over the past years,
the text move is also part of his main repertoire.}) 7. Nf3 $5 ({Nowadays, the
main theoretical discussion is held in the sharp lines starting with} 7. Nb3 {
. The knight retreat to f3, which became popular in the '80s, mainly as a
consequence of the efforts of the leading English Grandmasters, usually leads
to a positional battle. It might seem that the knight is less favourably
placed on f3, by blocking the f-pawn and failing to put pressure on the enemy
queenside, but the situation is not that onesided.}) 7... Be7 ({One of the
most obvious ideas of 7.Nf3 is that it inhibits} 7... Be6 {, which can be met
by} 8. Ng5 {. 7...h6 and 7...Qc7 are the main alternatives to the text move.})
8. Bc4 {Now, we can notice a further difference, if compared to the lines
based on 7.Nb3. If attacked with ...Qc7 or ...b5, the bishop can safely
retreat to b3, in the spirit of the Sozin Attack, but with the significant
difference that the a2-g8 diagonal has been weakened after the early advance
of the black e-pawn.} O-O 9. O-O Be6 10. Bxe6 $5 ({This apparently simplistic
move has never been played at grandmaster level. Apparently, White is just
helping his opponent to strengthen his centre, but Ivanchuk relied on some
hidden dynamic factors. There have been some recent development after} 10. Bb3
{. The following game, one of Leko's first experiences ever as a Najdorf
player with Black, must have inspired Ivanchuk when choosing the structure in
the centre:} Nc6 ({It should be mentioned that the only game where Topalov
faced 7.Nf3 continued with} 10... b5 {, but Black failed to equalize,
Kramnik-Topalov, Cap d'Agde 2003.}) 11. Bg5 Nd7 12. Bxe7 Qxe7 13. Nd5 Qd8 14.
c3 Na5 15. Re1 Rc8 16. h3 Nb6 ({Later, Leko took greater care about the
activity of hisknight and gradually equalized after} 16... b5 17. Nh2 Nc4 {
in Svidler-Leko, Morelia/Linares 2006.}) 17. Nxb6 Qxb6 18. Bxe6 fxe6 19. Re2
Rc6 20. Qd3 Qc7 21. Rd1 Nc4 22. b3 Nb6 23. c4 Nc8 24. Red2 h6 25. Qe2 Kh7 26.
h4 {White was clearly better and went on winning in Anand-Leko, Wijk aan Zee
2006. We can see that the situation is very similar to that arising after
White's 22nd move in our main game. The d6-pawn is submitted to strong
pressure, the black knight cannot find a good square, while the white h-pawn
keeps Black's eventual kingside counterplay under control.}) 10... fxe6 11. Na4
{White's idea becomes clear now. The weakness of the b6- and e6-squares cause
Black serious problems with finishing his development. The generally desirable
11...Nbd7 is impossible because of 12.Ng5.} Ng4 {This solves the problem only
partially. In fact, it just helps White complete his development.} 12. Qd3 Nxe3
13. Qxe3 {Apart from Nb6, White has a new threat already: Qb3, with attack
against b7 and e6.} b5 14. Nb6 Ra7 15. Nd5 Rb7 16. Qd2 {Maintaining the knight
in the centre for as long as possible, in order to prevent the harmonious
development of Black's pieces.} Nc6 17. Rad1 Rd7 18. Qc3 Nb8 19. Nxe7+ {
Now that the enemy knight has retreated to a passive square, this exchange is
entirely justified.} Qxe7 20. Rd3 h6 21. Rfd1 Rfd8 22. h4 {Dr. Tarrasch used
to say: If one piece stands badly, the whole position is bad. This applies
here perfectly. With his knight on a favourable square (such as f7 or f6,
Black would have a dream position, because of his strong control over the
centre. However, it is virtually impossible to activate the knight, which
leaves him struggling.} Kh7 23. R1d2 Qf8 24. Qb3 Qe8 25. a4 Qg6 $5 ({Topalov
decides to give up a pawn in order to finally bring his knight into play. In
case of} 25... bxa4 26. Qxa4 {White would have had several plans at his
disposal, for instance the infiltration through the b-file or the creation of
a passed b-pawn.}) 26. axb5 axb5 27. Re3 Na6 28. Qxb5 Nc5 29. Qc4 Ra7 30. Re1
Qe8 31. b4 Na4 32. Qb3 Nb6 33. Red1 Rad7 34. Qd3 Rc8 35. c3 Ra7 36. Qe3 Ra6 37.
Qe2 Nc4 38. Ra2 Rac6 39. Ra7 R6c7 40. Rda1 {Topalov's plan has succeeded only
partially. His knight has reached a stable square, but White is under no
direct pressure and can hope to gradually convert his extra-pawn into a win.}
Qf7 $4 {A relatively convincing prove that the recent accusations against
Topalov do not have a solid basis.} 41. Qxc4 {. If 41...Rxa7, then 42.Rxa7,
retaining an extra-knight.} 1-0

[Event "Candidates Tournament"]
[Site "Kazan"]
[Date "2011.05.05"]
[Round "1.1"]
[White "Mamedyarov, Shakhriyar"]
[Black "Gelfand, Boris"]
[Result "1/2-1/2"]
[WhiteElo "2772"]
[BlackElo "2733"]
[Annotator "Marin,M"]
[PlyCount "77"]
[EventDate "2011.05.05"]
[EventType "k.o."]
[EventRounds "3"]
[EventCountry "RUS"]
[SourceTitle "CBM 143"]
[Source "ChessBase"]
[SourceDate "2011.07.15"]
[SourceVersion "1"]
[SourceVersionDate "2011.07.15"]
[SourceQuality "1"]

1. e4 c5 2. Nf3 d6 3. d4 cxd4 4. Nxd4 Nf6 5. Nc3 a6 6. Be3 e5 7. Nf3 Be7 8. Bc4
O-O 9. O-O Nc6 10. Re1 b5 11. Bb3 Rb8 12. Bg5 Be6 $146 {Playing for central
control. Previously, Black moved away with his f6-knight, in order to avoid
the exchange Bxf6 which was strategically unfavourable for him.} (12... Nd7 {
Jakovenko,D (2671)-Khairullin,I (2543)/Moscow 2006/CBM 116/[Ftacnik] (0-1, 40)}
) (12... Ng4 {Balogh,C (2568)-Hou,Y (2523)/Paks 2007/CBM 120 (1-0, 40)}) 13.
Bxf6 Bxf6 14. Nd5 Bg5 15. Qd3 Bh6 16. Red1 $14 {If compared with a Sveshnikov,
the active position of White's bishop makes a lot of difference. White's
control over the d5-square remains unchallenged. We can conclude that
Gelfand's novelty was not a very inspired one.} Kh8 17. Nc3 Qb6 18. Bxe6 fxe6
19. Qxd6 Nd4 20. Qxb6 Nxf3+ 21. gxf3 Rxb6 {After having weakened the white
kingside, Black gets some saving chances despite the missing pawn.} 22. a4 Kg8
23. axb5 axb5 24. Ra5 b4 25. Rb5 Rfb8 26. Rxb6 Rxb6 27. Ne2 Rc6 28. c3 bxc3 29.
Nxc3 Bg5 30. Kf1 Rb6 31. Rb1 Be7 32. Ke2 Rb8 33. Kd3 Bc5 34. Na4 Bxf2 35. b4
Ra8 36. Nc5 Kf7 37. Kc4 Ke7 38. Rd1 Bd4 39. Nb3 1/2-1/2

[Event "Olympiad-37"]
[Site "Turin"]
[Date "2006.05.27"]
[Round "6"]
[White "Nisipeanu, Liviu Dieter"]
[Black "Gelfand, Boris"]
[Result "1-0"]
[WhiteElo "2695"]
[BlackElo "2727"]
[Annotator "Marin,M"]
[PlyCount "85"]
[EventDate "2006.05.21"]
[EventType "team-swiss"]
[EventRounds "13"]
[EventCountry "ITA"]
[SourceTitle "CBM 113"]
[Source "ChessBase"]
[SourceDate "2006.07.31"]
[SourceVersion "1"]
[SourceVersionDate "2006.07.31"]
[SourceQuality "1"]
[WhiteTeam "Romania"]
[BlackTeam "Israel"]
[WhiteTeamCountry "ROU"]
[BlackTeamCountry "ISR"]

1. e4 c5 2. Nf3 d6 3. d4 cxd4 4. Nxd4 Nf6 5. Nc3 a6 6. Be3 e5 7. Nde2 $5 Be6 ({
Nisipeanu's first experience with this variation continued:} 7... Nbd7 8. Ng3
g6 ({Just a couple of weeks later, Bologan deviated with} 8... Qc7 {but got
the worse position after} 9. Nh5 Nxh5 10. Nd5 Qa5+ 11. b4 Qd8 12. Qxh5 Nf6 13.
Qh4 Nxd5 14. Qxd8+ Kxd8 15. exd5 Kc7 16. a4 b6 17. a5 b5 18. c4 $16 {Nisipeanu,
L (2693)-Bologan,V (2661)/Asnieres sur Seine 2006 and White soon won.}) 9. a4 (
{Maybe Bologan feared} 9. Bc4 $5) 9... Qc7 10. Qd3 Nc5 11. Qc4 Be6 12. Nd5 Bxd5
13. exd5 Rc8 14. b4 Ncd7 15. Qxc7 Rxc7 16. c4 h5 17. f3 a5 $15 {Nisipeanu,L 
(2693)-Topalov,V (2801)/Bucharest 2006}) 8. f4 Nbd7 9. f5 Bc4 10. Nc1 Bxf1 11.
Rxf1 d5 {After this thematical pawn break, Black will get more or less by
force an inferior ending.} ({I must admit that neither I, nor our team mates
understood the point behind White's previous play. Doesn't Black get easy play
with at least an extra-tempo compared to the line 6.Be2 e5 7.Nb3 Be7 8.0-0 0-0
9.f4 Qc7 10.a4 Be6 ? The following game, played right after the Olympiad, gave
some answers.} 11... Rc8 12. Nb3 b5 13. a3 Be7 14. Qd3 Qc7 15. O-O-O {By
castling long, White threatens with a dangerous king side attack, based on g4.
Therefore, Black's next move looks logical, but is not without drawbacks as we
shall see.} Qc4 16. Bg5 h6 17. Bh4 O-O 18. Qxc4 Rxc4 19. Na5 Rc7 20. Bxf6 Nxf6
21. Nd5 Nxd5 22. Rxd5 Rfc8 23. c3 h5 24. Kc2 $16 {Nisipeanu,L (2695)
-Areshchenko,A (2660)/Foros 2006 Here it is! The king is optimally placed on
the queen side, sustaining the pawn attack on this wing. White won
convincingly.}) 12. Nxd5 Nxe4 13. Nb3 Ndf6 14. Nxf6+ Nxf6 15. Qxd8+ Rxd8 16.
Bg5 Be7 17. Bxf6 Bxf6 18. c3 Bg5 19. Nc5 Ke7 20. Ne4 f6 21. Ke2 h5 22. Rad1 h4
23. Rxd8 Rxd8 24. Rd1 Rxd1 25. Kxd1 Bf4 26. h3 Kd7 27. Ke2 Kc6 28. c4 Bc1 29.
b3 b5 30. Kf3 Kb6 31. Kg4 bxc4 32. bxc4 Bg5 33. Nxg5 fxg5 34. Kf3 Kc5 35. Ke4
Kxc4 36. Kxe5 a5 37. f6 gxf6+ 38. Kxf6 a4 39. Kxg5 Kc3 40. Kxh4 Kb2 41. g4 Kxa2
42. g5 a3 43. g6 1-0

[Event "World-ch Tournament"]
[Site "Mexico City"]
[Date "2007.09.23"]
[Round "9"]
[White "Leko, Peter"]
[Black "Svidler, Peter"]
[Result "1/2-1/2"]
[WhiteElo "2751"]
[BlackElo "2735"]
[Annotator "Marin,M"]
[PlyCount "57"]
[EventDate "2007.09.13"]
[EventType "tourn"]
[EventRounds "14"]
[EventCountry "MEX"]
[EventCategory "21"]
[SourceTitle "CBM 120"]
[Source "ChessBase"]
[SourceDate "2007.10.02"]
[SourceVersion "1"]
[SourceVersionDate "2007.10.02"]
[SourceQuality "1"]

1. e4 c5 {Fashion is cruel. Just a few years ago, about half of the games
played at high level started with these moves. In Mexico, the first Sicilian
was played in the second half of the tournament... La moda es cruel. Hace
pocos años, mas o menos la kitad de las partidas a nivel alto empezaban con
estas jugadas. En México, la primera Siciliana se jugó en la segunda mitad del
torneo...} 2. Nf3 d6 3. d4 cxd4 4. Nxd4 Nf6 5. Nc3 a6 6. Be3 e5 7. Nb3 Be6 8.
Qd2 Nbd7 9. f3 Be7 10. g4 O-O 11. O-O-O b5 12. Rg1 $5 ({This ultra-refined
move was first played by Anand against Morozevich, in Monaco 2006. Morozevich
won the game with Black, but was apparently impressed by the idea and employed
it himself in the same tournament, and... lost, too! White is not in a hurry
to advance his g-pawn, because after Esta jugada ultra-refinada fue empleada
por primera vez por Anand contra Morozevich en Monaco 2006. Morozevich ganó
con negras, pero parece que fue impresionado por la idea ya que la empleó más
tarde en el mismo torneo y... !perdió también! Las blancas no tienen prisa con
avanzar el peón de g porque después de} 12. g5 b4 $1 13. Nd5 {Black can
preserv e his light-squared bishop with las negras pueden conservar su alfil
de casillas blancas con} Nxd5 14. exd5 Bf5 {. At the same time, the presence
of the rook on the g-file is generally useful. . Al mismo tiempo, la presencía
de la torre en la columna de g puede resultar útil para más tarde.}) 12... Nb6
({Now, after Ahora, después de} 12... b4 13. Nd5 {Black would have to give up
his bishop, when a further g5 will open the important h3-c8 diagonal for the
white king's bishop. las negras tendrían que cambíar su alfil, después de que
un futuro avance del peón de g abriría la importante diagonal h3-c8 para
elalfil blanco.}) 13. Na5 Rc8 14. g5 Ne8 15. a3 Qc7 16. Kb1 d5 $1 17. exd5 Nxd5
18. Nxd5 Bxd5 19. Bh3 ({White completes his development and attacks two enemy
pieces at the same time. The immediate Las blancas completan su desarrollo,
atacando dos figuras enemigas al mismo tiempo.} 19. Qxd5 $2 {was impossible
because of era imposible por} Rd8) 19... Be6 $5 ({An interesting decision.
After U na decisión interesante. Después de} 19... Rd8 20. Qf2 {, the pressure
of White's bishop would have been irritating. , la presión de los alfiles
blancos se hubiera vuelto iritante.}) 20. Bxe6 fxe6 {Black's structure does
not look too impressive now, but the open f-file as well as the absence of a
blocking knight on e4 make the situation unclear. La estructura de las negras
tiene bastante mala pinta, pero la presión por la columna de f y la aúsencía
de un caballo blanco bloqueador en e4 hacen que la posición no sea clara.} 21.
Qd7 $5 {A courageous move, which, after Black's cautious answer, will only
lead to simplifications. Una jugada valiente, que, tras la respuesta prudente
de las negras, llevará solo a simplificaciones.} Qxd7 ({Svidler was probably
afraid that after Es posible que Svidler haya temido que depsués de} 21...
Qxc2+ 22. Ka2 {his pieces would lose coordination. Indeed, after sus figuras
hubieran perdido su coordinación. Efectivamente, después de} Rc3 {Black can
parry the threat ...Rxa3+ followed by mate with las negras pueden parar la
amenaza ...Rxa3+, seguído por mate, con} 23. Qxe7 {, when Black's attacking
prospects remain debatable, mainly because of his passive knight. cuando las
posibilidades de ataque de las negras serían cuestionables, por la pasividad
de su caballo.}) 22. Rxd7 Rc7 23. Rxe7 Rxe7 24. Bc5 Ref7 25. Bxf8 Kxf8 26. Nc6
Rxf3 27. Nxe5 Rf5 28. Nd3 a5 29. h4 1/2-1/2

[Event "Moscow Tal Memorial 4th"]
[Site "Moscow"]
[Date "2009.11.08"]
[Round "4"]
[White "Leko, Peter"]
[Black "Ivanchuk, Vassily"]
[Result "1/2-1/2"]
[WhiteElo "2752"]
[BlackElo "2739"]
[Annotator "Marin,M"]
[PlyCount "54"]
[EventDate "2009.11.05"]
[EventType "tourn"]
[EventRounds "9"]
[EventCountry "RUS"]
[EventCategory "21"]
[SourceTitle "CBM 133"]
[Source "ChessBase"]
[SourceDate "2009.11.19"]
[SourceVersion "1"]
[SourceVersionDate "2009.11.19"]
[SourceQuality "1"]

1. e4 c5 2. Nf3 d6 3. d4 cxd4 4. Nxd4 Nf6 5. Nc3 a6 6. Be3 e5 7. Nb3 Be7 8. f3
Be6 9. Qd2 O-O 10. O-O-O Qc7 11. g4 Rc8 12. Qf2 Nbd7 13. Kb1 b5 14. g5 Nh5 15.
Nd5 Bxd5 16. Rxd5 Rcb8 17. f4 Nxf4 ({Previously, Black has played} 17... Nb6 {
, but White can transpose if he wishes so.}) 18. Bxf4 exf4 19. Qxf4 Nb6 20. Rd3
$146 {Only this move gives the game an independent value.} (20. Rd1 {would
transpose to previously played games. Ivanchuk may have played} Rc8 $5 {anyway.
} (20... Nc4 21. h4 a5 22. Nd4 a4 23. Rh3 Qc5 24. Nf5 Bf8 25. Rd5 Qb4 26. Qc1
a3 27. b3 Ne5 28. Nd4 $16 {Lupulescu,C (2496)-Itkis,B (2452)/Bucharest 2003/
CBM 093 ext (1-0, 35)}) (20... Bf8 21. h4 Re8 22. h5 Re5 23. g6 $40 {Korneev,O
(2613)-Barria,D (2351)/Seville 2003/CBM 092 ext (1-0, 54)}) {However, White
could defend the c2-pawn with} 21. Bd3 {, a move that will not be available in
the game.}) 20... Rc8 21. Rc3 Qd8 22. Rf3 Bxg5 23. Qxf7+ Kh8 24. Rg1 Qe7 25.
Qh5 Rf8 26. Rxf8+ Rxf8 27. Bd3 Bh6 1/2-1/2

[Event "Baku FIDE GP"]
[Site "Baku"]
[Date "2014.10.14"]
[Round "11"]
[White "Svidler, Peter"]
[Black "Gelfand, Boris"]
[Result "1/2-1/2"]
[WhiteElo "2732"]
[BlackElo "2748"]
[Annotator "Marin,M"]
[PlyCount "61"]
[EventDate "2014.10.02"]
[EventType "tourn"]
[EventRounds "11"]
[EventCountry "AZE"]
[EventCategory "21"]
[SourceTitle "CBM 163"]
[Source "ChessBase"]
[SourceDate "2014.11.11"]
[SourceVersion "1"]
[SourceVersionDate "2014.11.11"]
[SourceQuality "1"]

1. e4 c5 2. Nf3 d6 3. d4 cxd4 4. Nxd4 Nf6 5. Nc3 a6 6. Be3 Ng4 7. Bg5 h6 8. Bh4
g5 9. Bg3 Bg7 10. Be2 h5 11. h4 gxh4 12. Bxh4 Nc6 13. Nb3 Be6 14. Qd2 Rc8 ({
The main alternative is} 14... Qb6) 15. f3 Bh6 $5 $146 ({So far, Black has
played exclusively} 15... Nge5) 16. Bg5 Bxg5 17. Qxg5 Nf6 18. O-O-O Rg8 19. Qe3
Rxg2 20. f4 Qc7 21. Kb1 b5 22. Bxh5 Qa7 23. Qxa7 Nxa7 24. Bf3 Rf2 25. Nd4 Nc6
26. Nxc6 Rxc6 27. Rdf1 Rxf1+ 28. Rxf1 Rc5 29. a3 Bg4 30. Bxg4 Nxg4 31. Rh1
1/2-1/2